000 00583pam a2200193 a 4500
020 _a0156015250 (pbk.) :
082 0 0 _a516.3
_bSEL
_cL-2 P-28
100 1 _aSelby, Peter H.
_939409
245 1 0 _aAnalytic geometry /
_cPeter H. Selby.
250 _a1st ed.
260 _aMCE
260 _aSan Diego :
_bHarcourt Brace Jovanovich,
_cc1986.
300 _ax, 249, [10] p. :
_bill. ;
_c28 cm.
500 _aIncludes 10 geometrical graph work pages.
500 _aIncludes index.
526 _a0
_b0
_c0
_d516_300000000000000_SEL
650 0 _aGeometry, Analytic.
_957
942 _2ddc
_cBK
999 _c543908
_d543908